00781nam a22002177a 45000010005000000030006000050050017000110080041000280200018000690400032000870820011001191000018001302450040001482600037001883000047002255050007002725200212002795210027004915210018005186500027005361949FISKH20231020091721.0231020b cb ||||| |||| 00| 0 eng d a9788131904138 aFISKH bengcFISKH dFISKH  a 428.1 aJain, Kuldeep aMy town /bMy first picture book :  aNew Delhi : bB. Jain ; c1921.  a16 pages : bcolor illustrations ; c28 cm aB  aMy First Picture Workbook takes the children on a tour of their surroundings and all the places they visit. The journey starts with home, goes to school, then their home and at the end reaches their country.8 a160 bLexile estimate 8 aB bRaz-Plus  aPicture vTown xTour